000 00371nam a2200133Ia 4500
008 240624s9999 xx 000 0 und d
041 _aeng
082 _a657.42 NIG
100 _aNIGAM B M LALL
245 _aCOST ACCOUNTING PRINCIPLES AND PRACTICE
260 _c2014
_aNew Delhi
_bPHI Learning Private Limited
300 _axii, : 1164 : p. : cm. ; 26
365 _cRS
_b33
999 _c25528
_d25528